Statistics for What Pokémon Pronunciation is This?

Click here to take the quiz!

General Stats

  • This quiz has been taken 29 times
  • The average score is 13 of 15

Answer Stats

HintAnswer% Correct
P Ca ChuPikachu
96%
Ky Oh GurrKyogre
92%
See KingSeaking
92%
Lie Kan RokLycanroc
88%
Toe Toe DileTotodile
88%
Chi Cor ItaChikorita
83%
Sin Da QuilCyndaquil
83%
Oh My Star!Omastar
83%
Pid GPidgey
83%
Pie RoarPyroar
83%
Rok RufRockruff
83%
Man D BuzMandibuzz
79%
ParisParas
79%
Vest Pi QenVespiquen
79%
Sen Tis ScorchCentiskorch
67%

Score Distribution

Percentile by Number Answered

Percent of People with Each Score

Your Score History

You have not taken this quiz